| 000 | 00412nam a2200133Ia 4500 | ||
|---|---|---|---|
| 008 | 170106s2004||||xx |||||||||||||| ||und|| | ||
| 020 | _a0849316618 | ||
| 082 |
_a005.14 _bPAN |
||
| 100 | _aPandian, C. Ravindranath | ||
| 245 | 0 | _aSoftware metrics : a guide to planning, analysis, and application | |
| 260 |
_aBoca Raton _bAuerbach Publications-Taylor and Francis _c2004 |
||
| 300 | _a286 p.; 22.8 cm | ||
| 942 | _cBK | ||
| 999 |
_c20029 _d20029 |
||